000 00494nam a2200193Ia 4500
005 20140311163135.0
008 140130s9999 xx 000 0 und d
020 _a0439577373
050 _aPZ 7
_b.C561 2004
100 _aChurch, Carolyn Jane
_931397
245 _cChurch, Carolyn Jane
_aCluck, Cluck who's there? /
260 _bScholastic,
_c2004.
_aMalaysia :
300 _bcol. ill. ;
_c21 cm.
440 _v1
521 _aG2
526 _c340
942 _cBK
_2lcc
999 _c41606
_d41606